000 00529nam a2200193Ia 4500
005 20250923145059.0
008 008 250917s9999 xx 000 0 eng d
037 _aTextual
040 _aDSWL
_beng
_cDSWL
041 _aeng
_2eng
084 _aY1, H8
_qDSWL
100 _aOgburn, W.F.
_9831585
245 0 _aSociology
_cby W.F. Ogburn
260 _aBoston
_bHoughton Mifflin Co.
_c1958
300 _axvi,303p.
700 _aM.F. Nimkoff
_9831586
942 _cTEXL
_hY1, H8
999 _c1446851
_d1446851